| 000 | 01219nam0a2200349 4500 | ||
|---|---|---|---|
| 001 | RU\NLR\BIBL_A\012232875 | ||
| 005 | 20200312165742.0 | ||
| 010 |
_a978-5-04-107289-6 _93000 |
||
| 021 |
_aRU _bКН-П-20-001156 _9КН-П-20-0080 |
||
| 035 | _a(NLR Aleph) 012232875 | ||
| 035 | _a(RuMoRGB)010228710 | ||
| 090 |
_a10995091 _c10995091 |
||
| 100 | _a20200228d2020 u y0rusy50 ca | ||
| 101 | 1 |
_arus _ceng |
|
| 102 | _aRU | ||
| 105 | _ay|||z|||000ay | ||
| 181 | 0 |
_ai _baxxe |
|
| 182 | 0 | _an | |
| 200 | 1 |
_aМоя не идеальная жизнь _e[роман] _fСофи Кинселла _g[перевод с английского Е. Фрадкиной] |
|
| 203 |
_aТекст _bвизуальный _cнепосредственный |
||
| 210 |
_aМосква _cЭксмо _d2020 |
||
| 215 |
_a412, [2] с. _d21 |
||
| 320 | _aДр. произведения авт. на 2-й с. | ||
| 333 | _a16+ | ||
| 686 | 1 | _aШ6(4Вл)67-440.4{Лх1299-50} | |
| 700 | 1 |
_aКинселла _bС. _f1969- _gСофи _3RU\NLR\AUTH\7737675 |
|
| 942 | _cBOOK | ||
| 980 | _aNBR | ||
| 980 | _aNB | ||